La economia en dos tardes : (Registro nro. 5843)
[ vista simple ]
| 000 -LEADER | |
|---|---|
| fixed length control field | 01317nam a2200277Ia 4500 |
| 003 - CONTROL NUMBER IDENTIFIER | |
| control field | OSt |
| 005 - DATE AND TIME OF LATEST TRANSACTION | |
| control field | 20200527153717.0 |
| 008 - FIXED-LENGTH DATA ELEMENTS--GENERAL INFORMATION | |
| fixed length control field | 191128t2012 sp fr 000 0dspa d |
| 020 ## - INTERNATIONAL STANDARD BOOK NUMBER | |
| International Standard Book Number | 9788423412693 |
| 040 ## - CATALOGING SOURCE | |
| Original cataloging agency | CO-JMCR |
| Transcribing agency | CO-JMCR |
| 041 0# - LANGUAGE CODE | |
| Language code of text/sound track or separate title | spa |
| 082 04 - DEWEY DECIMAL CLASSIFICATION NUMBER | |
| Classification number | 330 / |
| Item number | S283e |
| Edition number | 23 |
| 100 1# - MAIN ENTRY--PERSONAL NAME | |
| Personal name | Sevilla, Jordi, |
| Relator term | autor |
| 9 (RLIN) | 4757 |
| 245 13 - TITLE STATEMENT | |
| Title | La economia en dos tardes : |
| Remainder of title | un manual para todos, incluidos presidentes y el gobierno / |
| Statement of responsibility, etc. | Jordi Sevilla |
| 250 ## - EDITION STATEMENT | |
| Edition statement | Primera edición |
| 260 ## - PUBLICATION, DISTRIBUTION, ETC. | |
| Place of publication, distribution, etc. | Barcelona : |
| Name of publisher, distributor, etc. | Centro de Libros PAPF : Planeta, |
| Date of publication, distribution, etc. | ©2012 |
| 300 ## - PHYSICAL DESCRIPTION | |
| Extent | 220 páginas ; |
| Dimensions | 23 cm. |
| 500 ## - GENERAL NOTE | |
| General note | Incluye biografía del autor en solapa frontal. |
| 505 0# - FORMATTED CONTENTS NOTE | |
| Formatted contents note | Están clavadas dos tardes. Que no te la den con queso en economía -- La visión económica de la sociedad. Flujo circular de la renta -- La riqueza de las naciones -- En que se emplea la riqueza -- Dinero, precios o inflación -- Intermediarios finacieros |
| 520 ## - SUMMARY, ETC. | |
| Summary, etc. | ¿Qué papel tienen los gobiernos en la economía moderna? ¿Por qué la competencia privada provoca crisis recurrentes? ¿Por qué unos países crecen más que otros? |
| 650 14 - SUBJECT ADDED ENTRY--TOPICAL TERM | |
| Topical term or geographic name entry element | Política económica |
| Geographic subdivision | España |
| 9 (RLIN) | 4758 |
| 650 14 - SUBJECT ADDED ENTRY--TOPICAL TERM | |
| Topical term or geographic name entry element | Condiciones económicas |
| Geographic subdivision | España |
| 9 (RLIN) | 4759 |
| 650 14 - SUBJECT ADDED ENTRY--TOPICAL TERM | |
| Topical term or geographic name entry element | Política monetaria |
| 9 (RLIN) | 2242 |
| 650 14 - SUBJECT ADDED ENTRY--TOPICAL TERM | |
| Topical term or geographic name entry element | Crisis económica |
| 9 (RLIN) | 4760 |
| 942 ## - ADDED ENTRY ELEMENTS (KOHA) | |
| Source of classification or shelving scheme | Dewey Decimal Classification |
| Koha item type | Books |
| Withdrawn status | Lost status | Source of classification or shelving scheme | Damaged status | Not for loan | Collection code | Home library | Current library | Date acquired | Source of acquisition | Cost, normal purchase price | Total Checkouts | Full call number | Barcode | Date last seen | Copy number | Koha item type |
|---|---|---|---|---|---|---|---|---|---|---|---|---|---|---|---|---|
| Dewey Decimal Classification | Non-fiction | Biblioteca Pública José María del Castillo y Rada | Biblioteca Pública José María del Castillo y Rada | 04/15/2018 | Donación | 0.00 | 330 / S283e | 430005313 | 05/16/2024 | Ej.1 | Books |